| 000 | 00492nam a2200181Ia 4500 | ||
|---|---|---|---|
| 003 | LK-CoDNM | ||
| 008 | 010623t1978 xxu||||| |||| 00| 1 sin d | ||
| 040 |
_aLK-CoDNM _dLK-CoDNM _eLK-CoDNM |
||
| 041 | _asin | ||
| 080 | _a(x) Nuwara Eliya | ||
| 100 | _aHemapala | ||
| 245 | _aසුන්දර නුවරඑළිය | ||
| 246 | _aSundara Nuwara Eliya | ||
| 260 |
_bNuwara Eliya - Maskeliya bharakara mandalaya _c1978 |
||
| 300 | _b43, 27 cm | ||
| 650 | _aNuwara Eliya | ||
| 942 | _cBK | ||
| 999 |
_c110685 _d110685 |
||